Success Sutras & Satisfaction Mantras/ (Record no. 175706)
[ view plain ]
| 000 -LEADER | |
|---|---|
| fixed length control field | 00579nam a22001817a 4500 |
| 005 - DATE AND TIME OF LATEST TRANSACTION | |
| control field | 20200921142112.0 |
| 010 ## - LCCN (DPL NO) | |
| LC control number | ENG-128443 |
| 020 ## - INTERNATIONAL STANDARD BOOK NUMBER | |
| Terms of availability | 50.00 |
| International Standard Book Number | 9789387138063 |
| 035 ## - SYSTEM CONTROL NUMBER | |
| System control number | EN-111975 |
| 037 ## - SOURCE OF ACQUISITION | |
| Source of stock number/acquisition | DBAD/PUB |
| 082 ## - DEWEY DECIMAL CLASSIFICATION NUMBER | |
| Classification number | 230.42 |
| 100 ## - MAIN ENTRY--PERSONAL NAME | |
| Personal name | Maitreya |
| 245 ## - TITLE STATEMENT | |
| Title | Success Sutras & Satisfaction Mantras/ |
| Statement of responsibility, etc | by Swami Maitreya |
| 260 ## - PUBLICATION, DISTRIBUTION, ETC. (IMPRINT) | |
| Place of publication, distribution, etc | Vijaywada |
| Name of publisher, distributor, etc | Sahithi Prachuranalu |
| Date of publication, distribution, etc | 2017 |
| 270 ## - ADDRESS | |
| Address | 33-22-2, Chandram Buildings, C.R.Road, Chuttungunta |
| City | Vijaywada |
| Postal code | 520004 |
| Telephone number | 8121088500 |
| 300 ## - PHYSICAL DESCRIPTION | |
| Extent | 112p. |
| Dimensions | 21cm(pbk) |
| Other physical details | pictures |
| 942 ## - ADDED ENTRY ELEMENTS (KOHA) | |
| Source of classification or shelving scheme | Dewey Decimal Classification |
| Item type | English Books |
| Classification part | 230.42 |
| Call number suffix | MAI |
| Withdrawn status | Lost status | Not for loan | Collection code | Home library | Current library | Date acquired | Source of acquisition | Cost, normal purchase price | Full call number | Barcode | Cost, replacement price | Koha item type |
|---|---|---|---|---|---|---|---|---|---|---|---|---|
| Non-fiction | Central Library | Central Library | 21/09/2020 | DBAD/PUB | 50.00 | 230.42 MAI | EN-111975 | 50.00 | English Books |
